[Event "Groningen op"]
[Site "Groningen"]
[Date "1990.??.??"]
[Round "4"]
[White "Carlier, Bruno"]
[Black "Tukmakov, Vladimir B"]
[Result "0-1"]
[WhiteElo "2390"]
[BlackElo "2520"]
[Annotator "Horn,Pe"]
[PlyCount "84"]
[EventDate "1990.??.??"]
[EventType "swiss"]
[EventRounds "9"]
[EventCountry "NED"]
[SourceTitle "CBM 022"]
[Source "ChessBase"]
[SourceDate "1991.06.01"]
[SourceVersion "1"]
[SourceVersionDate "1991.06.01"]
[SourceQuality "1"]

1. g3 d5 2. Bg2 g6 3. Nf3 Bg7 4. O-O e5 5. d3 Ne7 {Ein sehr solides
Verteidigungssystem.} 6. e4 O-O 7. Nbd2 Nbc6 8. b3 b6 9. Bb2 Re8 10. exd5 $6
Nxd5 11. Re1 Bb7 12. Nc4 f6 13. a4 a5 14. h4 Qd7 15. Qd2 Rad8 16. Re2 Nde7 17.
Qe1 Nf5 18. Rd1 Qc8 19. Ne3 Nce7 20. Nxf5 Nxf5 21. Qf1 Bh6 22. Nd2 Bxd2 23.
Rexd2 c5 $15 24. Re2 h5 25. Rde1 Kf7 26. Be4 Bxe4 27. Rxe4 Re7 28. R1e2 Rd6 29.
Kh2 Rc6 30. Qg2 Rce6 31. c3 $2 {Weiß verliert die Nerven.} Qd8 32. d4 (32. Rd2
Rd6 33. Qf1 Red7) 32... cxd4 33. cxd4 exd4 34. Rxe6 Rxe6 35. Qb7+ Qe7 36. Qd5
Qd6 37. Qc4 Qc6 38. Rxe6 Qxe6 39. Qd3 Qd5 40. f3 Qe5 41. f4 Qd5 42. Kg1 Ne3 0-1

[Event "Frankfurt"]
[Site "Frankfurt"]
[Date "1990.??.??"]
[Round "?"]
[White "Degenhardt, Horst"]
[Black "Barbero, Gerardo F"]
[Result "0-1"]
[WhiteElo "2350"]
[BlackElo "2450"]
[Annotator "Horn,Pe"]
[PlyCount "70"]
[EventDate "1990.??.??"]
[EventType "tourn"]
[EventRounds "13"]
[EventCountry "GER"]
[EventCategory "7"]
[SourceTitle "CBM 020"]
[Source "ChessBase"]
[SourceDate "1991.02.01"]
[SourceVersion "1"]
[SourceVersionDate "1991.02.01"]
[SourceQuality "1"]

1. Nf3 Nf6 2. g3 d5 3. Bg2 c6 4. d3 Bg4 5. Nbd2 Nbd7 6. O-O e6 7. e4 Be7 8. h3
Bh5 9. Qe2 (9. Qe1) (9. Re1) 9... O-O 10. g4 Bg6 (10... dxe4 $5 {Geller}) 11.
Nh4 dxe4 12. dxe4 $2 (12. Nxg6 $8 hxg6 13. Nxe4 Nxe4 14. Qxe4 e5 {
Uhlmann-Roisman, Minsk 1976} 15. d4) 12... Bxe4 $1 $19 13. Bxe4 Nxe4 14. Nxe4
Bxh4 15. g5 f5 16. Qh5 fxe4 17. Qxh4 Ne5 18. Qxe4 Nf3+ 19. Kg2 Nxg5 20. Qc4 Qf6
21. f4 Nf7 22. Be3 Nd6 23. Qb3 Rf7 24. Rae1 Ne4 25. Rf3 Rd8 26. Qb4 Qg6+ 27.
Kh2 c5 28. Qc4 b6 29. Rg1 Qf5 30. Rff1 Nd2 31. Bxd2 Rxd2+ 32. Rg2 Rd4 33. Qb5
Rxf4 34. Re1 Re7 35. Qe2 Rf3 0-1

[Event "Petrov Memorial op"]
[Site "St Petersburg"]
[Date "2000.02.14"]
[Round "7"]
[White "Karasev, Vladimir I"]
[Black "Tunik, Gennady"]
[Result "1-0"]
[WhiteElo "2347"]
[BlackElo "2442"]
[Annotator "Horn,Pe"]
[PlyCount "135"]
[EventDate "2000.02.05"]
[EventType "swiss"]
[EventRounds "9"]
[EventCountry "RUS"]
[SourceTitle "CBM 076"]
[Source "ChessBase"]
[SourceDate "2000.05.31"]
[SourceVersion "1"]
[SourceVersionDate "2000.05.31"]
[SourceQuality "1"]

1. Nf3 Nf6 2. g3 d5 3. Bg2 c6 4. O-O Bf5 5. d3 e6 6. Nh4 Bg4 7. h3 Bh5 8. Qe1 (
8. g4 {erobert nicht unmittelbar das Läuferpaar:} Nfd7 9. Nf3 Bg6 10. Nc3 (10.
Bf4 Qf6 11. Qc1 e5 12. Bg3 Bc5 13. c4 $13 {Socko,B-Midoux,S/Cappelle la Grande
1999}) 10... Bd6 11. e4 O-O 12. Qe2 Qc7 13. Nh4 dxe4 14. Nxe4 Bxe4 15. Bxe4 Nc5
16. Bg2 Bh2+ 17. Kh1 Bf4 {1/2-1/2 Nikolic,Z-Todorovic,G/Becici 1994}) 8... Be7
9. f4 (9. e4 O-O (9... Nfd7 10. Nf3 Bxf3 (10... O-O) 11. Bxf3 O-O 12. Bg2 dxe4
13. dxe4 c5 14. Be3 Nc6 15. f4 $14 {Emmerich,D-Zude,A/Hofheim 1995}) 10. g4
Nfd7 {Das Standardmanöver.} 11. Nf3 dxe4 12. dxe4 Bg6 13. Qe2 e5 14. Rd1 Qc7
15. Bg5 Nc5 16. Nc3 Ne6 17. Bxe7 Qxe7 18. Qe3 Nd7 $132 {Tregubov,P-Rapoport,I/
St Petersburg 1995}) 9... Na6 ({Eigentlich konnte Schwarz auch gleich zu} 9...
Nfd7 {greifen:} 10. Nf3 Qb6+ (10... Bxf3 11. Bxf3 O-O 12. e4 Na6 13. Qe2 dxe4
14. dxe4 e5 15. f5 Bg5 16. Bxg5 Qxg5 17. Kg2 Rfd8 18. Rd1 Nb6 19. Nd2 Rd6 20.
h4 Qe7 21. a4 $14 {Petran,P-Schwalfenberg,J/Germany 1997/GER-chT2}) 11. Kh1 Na6
12. Nbd2 O-O-O 13. a3 h6 14. g4 Bg6 15. e4 Rde8 16. b4 f5 17. gxf5 exf5 18. e5
Nc7 19. c4 Ne6 $13 {Petran,P-Ac,M/Trnava 1988}) 10. e4 Nd7 $146 (10... Nb4 11.
Na3 a5 12. Nf3 dxe4 13. dxe4 Bg6 14. Nd2 h5 15. Kh1 Bh7 16. Ndc4 b5 17. Ne5 Qc7
18. c4 $14 {Platonov,I-Mikenas,V/Riga 1970/URS-ch}) 11. exd5 {Weiß sucht jetzt
mit einer Aktion im Zentrum Nutzen aus der Verzögerung von Nfd7 zu ziehen.
Damit wird das Spiel äußerst zweischneidig.} ({Ruhiger war} 11. Nf3) 11... cxd5
12. f5 {Konsequent nach 11.exd5.} O-O (12... Bxh4 {führt ebenfalls zu wilden
Verwicklungen:} 13. fxe6 fxe6 (13... Qb6+ 14. Be3 Qxe6 (14... Qxb2 15. exd7+
Kxd7 16. Qa5 $5 $44) 15. gxh4 O-O 16. Bd4 {[%csl Gd4]}) 14. gxh4 (14. Qxe6+ $6
Be7 15. Qxd5 $13) 14... Qb6+ 15. Kh1 Nb4 16. Na3) 13. fxe6 Qb6+ 14. Be3 Qxe6 $2
{Schwarz gibt klein bei und begnügt sich mit der schlechteren Stellung.} ({
Die kritische Variante war} 14... Qxb2 $1 15. exd7 (15. Nf5 Bf6) (15. Nd2 $2
fxe6 16. Rb1 Qxc2 17. Rxb7 Nac5 $17) 15... Qxa1 16. Nf5 Bf6 17. Bxd5 $44 {
mit sehr schwieriger Stellung: aber wenigstens hat Schwarz für seine Probleme 
(Qa1 ist außer Spiel, der Pb7 steht unter Druck, der Pd7 ist eine Macht und
ein P ist sowieso schon weg) eine Qualität vorzuweisen.}) 15. Nf5 Bf6 16. Nc3
Nb6 $2 ({Relativ besser war} 16... Nc7 17. Qf2) 17. Qf2 $16 Bg6 (17... Bxc3 {
Auch die Beseitigung des Angreifers löst die schwarzen Probleme nicht:} 18.
bxc3 Bg6 19. Rae1 {[%cal Rf5g7]} Bxf5 20. Bxb6 Qxb6 21. Qxb6 axb6 22. Rxf5 $16)
18. Bxb6 Bxf5 (18... Bxc3 19. bxc3) 19. Nxd5 axb6 20. Rae1 Qd6 21. Nxf6+ (21.
Qxf5 Bxb2 22. Re7 $16) 21... Qxf6 22. Qxf5 Qxf5 (22... Qxb2 $143 23. Bxb7 $18)
23. Rxf5 Nb4 24. Rf4 (24. a3 {war auch nicht schlecht:} Nxc2 25. Re7 Nd4 26.
Rd5 $18) 24... Nxc2 25. Re2 Rac8 26. Bxb7 Rc5 (26... Rc7 27. Bd5) 27. Rc4 (27.
Re7) 27... Rxc4 $8 28. dxc4 Nb4 29. a3 Nd3 30. b4 $18 {Es ist nicht nur der
eine Mehrbauer: der B ist dem gefährdeten N klar überlegen.} g6 31. Rd2 Ne5 32.
Rc2 Rb8 33. Bd5 Kf8 34. c5 Ke7 35. Kg2 Rd8 36. Bb7 bxc5 37. bxc5 Nd3 38. Kf1 (
38. Rc3 $18) 38... Kd7 39. Be4 Kc7 40. Ke2 Ne5 41. Rb2 f5 (41... Rb8 42. Rxb8
$18) 42. Rb7+ Kc8 43. Bh1 Nd7 44. c6 Nf6 45. Bf3 Re8+ 46. Kf2 Re6 47. a4 h5 48.
Rg7 Ne4+ 49. Bxe4 fxe4 50. Ke3 Rxc6 51. Kxe4 Rf6 {Schwarz hat verglichen mit
der Ausgangssituation des Endspiels viel erreicht, aber manchmal ist viel
nicht genug.} 52. Ra7 Kd8 53. a5 Ke8 54. Rb7 Ra6 55. Rb5 Kd7 56. Kd4 Rf6 57.
Rb7+ Kc8 58. Rb6 Rf3 59. a6 Kc7 (59... Rxg3 60. a7 $18) 60. Rxg6 h4 61. Rg7+ ({
Nur kein Endspiel mit den beiden Randbauern:} 61. gxh4 $2 Rxh3 62. Rh6 $11)
61... Kb8 62. Ke4 Ra3 (62... Rxg3 63. Rxg3 hxg3 64. Kf3 $18) 63. g4 $1 Rxh3 (
63... Rxa6 64. Rh7 $18) 64. Rh7 Rh1 65. Kf4 h3 66. Kg5 h2 67. Rb7+ Ka8 68. Rb2
1-0

[Event "Helsinki op"]
[Site "Helsinki"]
[Date "1992.??.??"]
[Round "7"]
[White "Sher, Miron Naumovich"]
[Black "Ebeling, Mika"]
[Result "1-0"]
[WhiteElo "2505"]
[BlackElo "2375"]
[Annotator "Horn,Pe"]
[PlyCount "81"]
[EventDate "1992.09.??"]
[EventType "swiss"]
[EventRounds "9"]
[EventCountry "FIN"]
[SourceTitle "CBM 032"]
[Source "ChessBase"]
[SourceDate "1993.02.01"]
[SourceVersion "1"]
[SourceVersionDate "1993.02.01"]
[SourceQuality "1"]

1. g3 Nf6 2. Bg2 d5 3. Nf3 g6 4. O-O Bg7 5. d3 O-O 6. Nbd2 Nc6 7. e4 e5 {
von Euwe empfohlen} 8. c3 h6 (8... a5 $13) 9. Re1 Re8 10. Qc2 Be6 $6 (10... a5
$13) 11. b4 $14 a6 12. a3 Qe7 (12... dxe4 13. dxe4 Nd7 14. Bb2 a5 15. Rad1 $14
{Zaichik-Shidkov, URS 1977}) 13. Bb2 dxe4 14. dxe4 Nd7 15. Nf1 b5 16. Ne3 Nb6
17. Nd2 Rad8 18. Nb3 Nc4 19. Bf1 Nxe3 20. Rxe3 Bxb3 21. Qxb3 Bf8 22. a4 $16 Rb8
23. axb5 axb5 24. Ree1 Nd8 25. Bc1 c6 26. Be3 Ne6 27. Ra7 Rb7 28. Rea1 Reb8 29.
Rxb7 Rxb7 30. h4 c5 $2 31. bxc5 Nxc5 32. Qb4 Na4 (32... Qc7 33. Ra8 $18) 33.
Qxe7 Rxe7 (33... Bxe7 34. c4 Nc3 35. cxb5 Nxb5 36. Rb1 Nd6 37. Rxb7 Nxb7 38.
Bxh6 $16) 34. c4 Nc3 35. cxb5 Nxe4 36. Ra8 {/\ Bg2+-} Kg7 37. Bg2 Nd6 38. b6
Re6 39. Bd5 Rf6 40. Bc5 Be7 41. b7 1-0

[Event "Frankfurt"]
[Site "Frankfurt"]
[Date "1990.??.??"]
[Round "?"]
[White "Degenhardt, Horst"]
[Black "Zude, Arno"]
[Result "1/2-1/2"]
[WhiteElo "2350"]
[BlackElo "2325"]
[Annotator "Horn,Pe"]
[PlyCount "46"]
[EventDate "1990.??.??"]
[EventType "tourn"]
[EventRounds "13"]
[EventCountry "GER"]
[EventCategory "7"]
[SourceTitle "CBM 020"]
[Source "ChessBase"]
[SourceDate "1991.02.01"]
[SourceVersion "1"]
[SourceVersionDate "1991.02.01"]
[SourceQuality "1"]

1. c4 Nf6 2. g3 c6 3. Bg2 d5 4. b3 Bf5 5. Nf3 e6 6. Bb2 Nbd7 7. O-O h6 8. d3
Bh7 $6 {zu früh} 9. Nbd2 (9. Nc3 $5 $14) 9... Bc5 10. e4 $1 $14 O-O $5 (10...
dxe4 11. dxe4 Qe7 12. Qe2 e5 13. a3 O-O 14. b4 Bb6 15. Ne1 a5 16. Nd3 Rfe8 17.
c5 Bc7 18. Nc4 $16 {Fuderer-Cortlever, Amsterdam 1954}) 11. e5 (11. Qe2 $5 $14)
11... Ne8 12. d4 Be7 13. cxd5 $6 (13. Qe2) 13... cxd5 14. Qe2 Qb6 15. Rfc1 Nc7
$10 16. Bf1 Nb8 17. Nb1 Nc6 18. Nc3 a6 19. Na4 Qa7 20. Qe3 Rfc8 21. a3 Nb5 22.
b4 b6 23. Nd2 Qb7 1/2-1/2

[Event "Ostrava"]
[Site "Ostrava"]
[Date "1993.??.??"]
[Round "?"]
[White "Sher, Miron Naumovich"]
[Black "Michenka, Jozef"]
[Result "1-0"]
[WhiteElo "2535"]
[BlackElo "2405"]
[Annotator "Horn,Pe"]
[PlyCount "43"]
[EventDate "1993.09.??"]
[EventType "tourn"]
[EventRounds "9"]
[EventCountry "CZE"]
[EventCategory "10"]
[SourceTitle "CBM 038"]
[Source "ChessBase"]
[SourceDate "1994.02.01"]
[SourceVersion "1"]
[SourceVersionDate "1994.02.01"]
[SourceQuality "1"]

1. g3 d5 2. Bg2 Nf6 3. d3 e5 4. Nf3 Nc6 5. O-O Be7 6. Nbd2 O-O 7. c3 Re8 8. Qc2
(8. b4) 8... a5 (8... Be6 9. b4 $14 {Dzindzichashvili-Kortschnoj/Tilburg/1985})
9. e4 dxe4 (9... Bf8 {shows more spirit}) 10. dxe4 Bg4 $6 (10... Bc5 11. Nc4
Qe7 12. Ne3 Bxe3 13. Bxe3 Be6 14. h3 Red8 $14 {Planinc-Kholmov/Moskau/1975}) (
10... a4) 11. Nc4 Bc5 12. h3 Bd7 (12... Bh5) 13. a4 h6 14. Kh2 Nh7 $6 (14...
Qe7) 15. Qe2 Qc8 16. Ne3 Be6 17. Qb5 Bf8 (17... Bxe3 18. Bxe3 $14) 18. Nd5 Nb8
$4 (18... Ne7 $2 19. Nxe7+ Rxe7 20. Nxe5 c6 21. Qd3) (18... f6 {/\ Ne7}) 19.
Nxc7 Qxc7 20. Qxe8 Nf6 21. Qb5 Nbd7 22. Nd2 1-0

[Event "EU-Cup 09th Group5"]
[Site "Balatonbereny"]
[Date "1993.09.08"]
[Round "2"]
[White "Petrosian, Arshak B"]
[Black "Sorokin, Maxim"]
[Result "0-1"]
[WhiteElo "2485"]
[BlackElo "2515"]
[Annotator "Horn,Pe"]
[PlyCount "76"]
[EventDate "1993.09.07"]
[EventType "team-k.o."]
[EventRounds "3"]
[EventCountry "HUN"]
[SourceTitle "EXT 2020"]
[Source "ChessBase"]
[SourceDate "2019.10.17"]
[SourceVersion "1"]
[SourceVersionDate "2019.10.17"]
[SourceQuality "1"]
[WhiteTeam "Hayastan Dinamo"]
[BlackTeam "Chelyabinsk Poliot"]
[WhiteTeamCountry "ARM"]
[BlackTeamCountry "RUS"]

1. Nf3 d5 2. g3 c6 3. Bg2 Bg4 4. O-O Nd7 5. d3 Ngf6 6. Qe1 e5 7. e4 dxe4 8.
dxe4 Be7 9. Nbd2 O-O 10. h3 Bh5 11. Nc4 Qc7 12. a4 Rfe8 13. Nh4 (13. Bd2 $5 Bf8
14. Bc3 Bxf3 15. Bxf3 b5 16. axb5 $14 {Gutman-Smejkal/BRD/1987}) 13... Nc5 $146
(13... Rad8 14. Bd2 Bg6 15. Bc3 Bc5 16. Nxg6 hxg6 17. a5 $14 {Gutman-Rodriguez/
New York op/1987}) 14. Nf5 (14. Bd2 $6 Ne6 15. Bc3 Nd4) (14. b4 $5 Ne6 15. Nf5)
14... Bg6 15. b4 (15. Nxe7+ Qxe7 16. Bg5 (16. f3 Ne6 17. c3 Qc5+ 18. Ne3) 16...
h6 17. Bxf6 Qxf6 18. Qe3) 15... Bxf5 $1 (15... Ne6 $2 16. Bb2 $16) 16. exf5
Ncd7 17. Bd2 Nd5 18. Na5 (18. Ne3 $5) 18... e4 (18... b6 19. c4 bxa5 20. cxd5
$16) 19. c4 N5f6 20. Bf4 Qc8 (20... Ne5 $2 21. Qc3 Bf8 22. c5 $16) 21. g4 (21.
c5 b6 22. cxb6 axb6 23. Nc4) (21. Qc3 Nh5 22. Be3 Bf6 23. Bd4 Bxd4 24. Qxd4 c5
25. bxc5 Nxc5 $17) 21... Bd8 22. Nb3 (22. Qc3 Bxa5 23. bxa5 Nc5 $13) 22... Ne5
23. Bxe5 (23. Qc3 Nd3 $13) 23... Rxe5 24. Qc3 (24. f4) 24... Bc7 25. Rfe1 $6 (
25. Rae1 $5 h5 26. f4 Re8 27. g5 Nh7) 25... h5 $1 26. f4 $2 (26. g5 $5 Nh7 27.
Rxe4 Rxe4 28. Bxe4 Nxg5 29. Bc2 $13) (26. f3 $5) 26... Re8 27. g5 (27. Qg3 e3
28. g5 (28. Rxe3 Rxe3 29. Qxe3 hxg4) 28... Ne4 29. Qxe3 Nd6 30. Qd3 Qxf5 31.
Qxf5 Nxf5 32. b5) 27... Nh7 28. Rxe4 (28. Bxe4 $2 Bxf4 29. h4 (29. Qf3 Nxg5 30.
Qxf4 $2 Nxh3+ $19) 29... Be5) 28... Rxe4 (28... Qxf5 29. Nd4) 29. Bxe4 Bxf4 30.
h4 Qc7 {/\ Be5} 31. Rf1 Re8 32. Qd3 (32. Qf3 Qb6+ 33. Kg2 Qxb4 34. Qxf4 Qxb3
35. f6) 32... Qe5 33. Bf3 (33. Nc5 b6 34. f6 bxc5 35. Bxh7+ Kf8 36. fxg7+ Kxg7)
33... Be3+ 34. Kg2 Bb6 {/\ Bc7} 35. Bxh5 Qb2+ 36. Kh1 (36. Nd2 Rd8 $19) 36...
Re3 37. Qd2 Rh3+ 38. Kg2 Rxb3 0-1

[Event "Rimavska Sobota"]
[Site "Rimavska Sobota"]
[Date "1991.??.??"]
[Round "7"]
[White "Poley, Vladimir"]
[Black "Fominyh, Alexander"]
[Result "1/2-1/2"]
[WhiteElo "2445"]
[BlackElo "2535"]
[Annotator "Horn,Pe"]
[PlyCount "81"]
[EventDate "1991.05.??"]
[EventType "tourn"]
[EventRounds "13"]
[EventCountry "CSR"]
[EventCategory "9"]
[SourceTitle "CBM 024"]
[Source "ChessBase"]
[SourceDate "1991.10.01"]
[SourceVersion "1"]
[SourceVersionDate "1991.10.01"]
[SourceQuality "1"]

1. Nf3 Nf6 2. g3 d5 3. Bg2 c6 4. c4 g6 5. O-O (5. b3 Bg7 6. Bb2) 5... Bg7 6. d3
$10 (6. cxd5 cxd5 7. d4 {->D}) 6... O-O 7. Nbd2 $6 Re8 8. Qc2 e5 9. Rd1 a5 (
9... e4 $4 10. dxe4 dxe4 11. Nxe4) 10. Rb1 $2 (10. Nf1) 10... Na6 11. a3 Qe7 $1
$15 12. e4 dxe4 13. dxe4 $2 (13. Nxe4) 13... Nc5 14. b4 $2 Ncxe4 $1 $17 15.
Nxe4 Nxe4 16. Nxe5 (16. Qxe4 Bf5 17. Qe2 Bxb1 $19) 16... Nxg3 17. hxg3 Qxe5 18.
Bb2 Bf5 19. Qc1 Qe7 20. Bxg7 Kxg7 21. Rb2 axb4 22. Rxb4 Bc8 $2 (22... Rad8 $17)
23. c5 Kg8 24. Qc3 Bf5 (24... Rd8 25. Re1) 25. Qb3 Ra7 26. a4 h5 27. Bf3 $146
Rf8 28. Rd6 Re8 29. Kg2 Be6 30. Qb2 Bf5 31. Kh2 Qc7 $6 32. Qf6 Ra5 33. Qc3 Raa8
34. Qb2 Re7 35. Rh4 Rae8 36. Bxh5 $1 gxh5 37. Rxh5 Bh7 38. Rxh7 $1 (38. Rdh6 $2
f5) 38... Kxh7 39. Rh6+ $1 Kxh6 40. Qf6+ Kh7 41. Qf5+ 1/2-1/2

[Event "USA-ch"]
[Site "Seattle"]
[Date "2003.01.12"]
[Round "4"]
[White "Lein, Anatoly"]
[Black "Pruess, David"]
[Result "1-0"]
[WhiteElo "2402"]
[BlackElo "2346"]
[Annotator "Horn,Pe"]
[PlyCount "153"]
[EventDate "2003.01.09"]
[EventType "swiss"]
[EventRounds "9"]
[EventCountry "USA"]
[SourceTitle "CBM 093"]
[Source "ChessBase"]
[SourceDate "2003.04.01"]
[SourceVersion "1"]
[SourceVersionDate "2003.04.01"]
[SourceQuality "1"]

1. Nf3 {Hecht} Nf6 2. g3 d5 3. Bg2 c6 4. O-O Bg4 5. d3 Nbd7 6. Nbd2 e5 7. e4
Bd6 8. h3 Bh5 9. Qe1 O-O 10. Nh4 Re8 11. Nf5 Bc7 12. Nb3 (12. Nf3 Nf8 13. Bd2
a5 14. N3h4 Ne6 15. Kh1 dxe4 16. dxe4 Nd7 17. Bf3 Bxf3+ 18. Nxf3 Qf6 19. Rd1
Ndc5 20. c3 h5 21. Qe3 g6 {1/2-1/2 Hodgson,J-Chernin,A/Sochi 1986/MCL (21)})
12... Nf8 (12... Bg6 13. Nh4 Bb6 14. Bd2 Qc7 15. a4 a5 16. Be3 Nf8 17. Kh2 dxe4
18. dxe4 Ne6 19. Nxg6 hxg6 20. Qc3 $14 {Buligin,A-Kuporosov,V/Minsk 1996}) 13.
Be3 (13. a4 Ne6 14. a5 Qd7 15. Qb4 b6 16. axb6 Bxb6 17. Be3 Rab8 18. Bxb6 axb6
19. Qd6 Qxd6 20. Nxd6 Red8 $11 {Kunte,A-Benjamin,J/Qingdao 2002}) 13... Ne6 14.
c3 Bb6 15. Bxb6 axb6 (15... Qxb6 $2 16. exd5 cxd5 17. Qxe5 $16) 16. Qe3 (16.
exd5 $6 cxd5 17. Qxe5 Nc5 18. Qd4 Bg6 $44) 16... dxe4 17. dxe4 Qc7 18. f3 Red8
(18... Nd7 19. Rfd1 f6) 19. Rfe1 Nd7 {[%cal Yf7f6]} 20. Bf1 f6 {Ein
Standardmanöver, das den Bh5 aus dem Käfig befreit.} 21. Kf2 $6 {Der K steht
hier nicht gut.} (21. Bc4 {war auch nicht überzeugend, da nach} Bf7 {[%cal
Yb6b5] b5 mit Tempogewinn erfolgen kann.}) 21... Bf7 22. Nd2 Ndc5 23. Be2 $2
Rd7 $2 (23... Nf4 $1 $17 {nutzt die Gunst der Stunde.} 24. gxf4 $140 $2 exf4
$19) 24. Nf1 Nf8 (24... Ng5 25. h4) 25. b3 Be6 26. Kg2 Ng6 27. Kh2 $6 (27. b4
Na4 28. Bd1) 27... Kh8 (27... Bxf5 28. exf5 Ne7 $17) 28. c4 Bxf5 29. exf5 Ne7
30. g4 Rad8 (30... Ra3 31. Nd2 Nd3 32. Bxd3 e4+ 33. Kh1 exd3 34. Ne4) 31. Red1
Rxd1 (31... Nd3) 32. Rxd1 Rxd1 33. Bxd1 Nd3 34. Ng3 Nf4 (34... Qd6 $1 {hätte
die offene Linie erobert.} 35. Bc2 Nf4) 35. Qd2 c5 36. Ne4 {[%cal Yd2d6]} Nc6
37. Qd6 Qxd6 38. Nxd6 {Hecht: 'Schlechter Läufer gegen schwache schwarze
b-Bauern'} Nd4 39. Kg1 {'?' Hecht.} (39. Nxb7 Nd3 $17 {[%csl Rd1]}) 39... Nd3 {
'?' Hecht.} (39... Nxh3+ {'!' Hecht.} 40. Kf1 Nf4 41. Ke1 {Hecht} h5 $1 $17)
40. Kf1 Nc1 41. Ke1 (41. a4 $1 $11 {Hecht}) 41... Nxa2 42. Kd2 (42. Nxb7 Nc1)
42... h5 (42... Nb4 43. Nxb7 g6) (42... Kg8 $142 $5 {[%cal Yg8f8]}) 43. Nxb7 {
Schwarz hat zwar zur Zeit die besseren Leichtfiguren, da aber der Kh8 nicht
mitspielt, hat er Probleme, seinen Damenflügel zu verteidigen.} Kh7 44. Nd6 Kh6
(44... Nb4 45. Nc8 b5 46. Nd6 bxc4 47. bxc4) 45. Nf7+ Kh7 46. Nd6 h4 (46... Kh6
47. Nc8) 47. Nc8 b5 48. Nd6 bxc4 49. bxc4 {Nun spielt der Bd1 wieder mit.} Nb4
50. Ne4 Na6 51. Ke3 Kg8 52. Ba4 Kf7 53. Bb5 Nc7 54. Ba4 Na6 55. f4 exf4+ 56.
Kxf4 g5+ {'?!' Hecht.} (56... Ne2+ $142 {Hecht}) 57. fxg6+ Kxg6 58. Bd7 Ne2+
59. Kf3 Nd4+ 60. Ke3 f5 61. gxf5+ Nxf5+ 62. Kf4 Ng3 63. Nd2 (63. Nxg3 {Hecht}
hxg3 64. Kxg3 Nb4 $11 {[%cal Rb4d3,Rd3b2,Rb2c4]}) 63... Nh5+ (63... Nb4 $142 $5
{Hecht} 64. Kg4 Nd3 65. Kxh4 Ne2) 64. Ke5 Nb4 65. Bf5+ Kh6 66. Be4 Ng3 67. Nb3
{Hecht: 'Alle weißen Figuren sind nun aktiv - vor knapp 30 Zügen war das ganz
anders!'} Nxe4 68. Kxe4 Na6 69. Kd5 (69. Kf5 Kh5) (69. Ke5 Kg5 70. Nd2) 69...
Kg5 $2 (69... Nb4+ {war die einzige Möglichkeit.} 70. Ke4 (70. Kxc5 Nd3+ 71.
Kd6 (71. Kd4 Nf4 72. Nd2 Nxh3) 71... Kg5 72. c5 Nxc5 $11) 70... Na6 71. Ke5 Kg5
72. Nd2 Kh5 73. Ne4 Kg6 74. Ke6 $1 (74. Kd6 Kf5) 74... Nb4 75. Nxc5 Kg5 76. Ke5
) 70. Nxc5 Nxc5 71. Kxc5 Kf4 72. Kd4 Kg3 73. c5 Kxh3 74. c6 Kg2 75. c7 h3 76.
c8=Q h2 77. Qc2+ 1-0

[Event "Rubinstein Memorial"]
[Site "Polanica Zdroj"]
[Date "1991.??.??"]
[Round "9"]
[White "Smejkal, Jan"]
[Black "Kuczynski, Robert"]
[Result "1/2-1/2"]
[WhiteElo "2555"]
[BlackElo "2480"]
[Annotator "Horn,Pe"]
[PlyCount "82"]
[EventDate "1991.09.??"]
[EventType "tourn"]
[EventRounds "11"]
[EventCountry "POL"]
[EventCategory "11"]
[SourceTitle "CBM 026"]
[Source "ChessBase"]
[SourceDate "1992.02.01"]
[SourceVersion "1"]
[SourceVersionDate "1992.02.01"]
[SourceQuality "1"]

1. Nf3 d5 2. g3 c6 3. Bg2 Bg4 4. O-O Nd7 5. d3 Ngf6 6. Qe1 e5 7. e4 dxe4 8.
dxe4 Bc5 9. Nbd2 (9. b4 $5) 9... O-O 10. h3 Bh5 11. Nb3 Bb6 12. a4 a5 {N} (
12... a6 13. a5 Ba7 14. Be3 $14 {Smejkal-Boensch, Altensteig 1991 ->CBM25}) 13.
Be3 $1 (13. Bd2 Nc5 $10) 13... Bxe3 14. Qxe3 Bxf3 (14... Qc7 15. Nfd2 $5) 15.
Bxf3 Qc7 16. Rfd1 Rfd8 17. Rd2 b6 18. Rad1 Nf8 19. Be2 $14 {/\ Bc4} Rxd2 20.
Rxd2 Rd8 21. Rxd8 Qxd8 22. Nd2 {/\ Nc4} Qc7 23. b3 c5 $2 {schwächt die weißen
Felder (><d5)} 24. Kg2 g6 25. Bc4 Kg7 26. Qd3 Qc6 27. Bb5 Qc7 28. Bc4 (28. Nc4
$5 $14) 28... Qc6 29. f3 Qc7 30. Nf1 (30. Nb1 $5 {/\ Nc3}) 30... Qe7 31. Ne3
Ne6 32. Bxe6 $1 Qxe6 (32... fxe6 33. Nc4 Qc7 34. Qc3 Nd7 35. f4 Kf6 36. g4) 33.
Qd8 h5 34. h4 Qc6 $2 (34... Qd7 35. Qxd7 Nxd7 $16) 35. Nd5 (35. c4 {/\ Nd5})
35... Nxd5 36. exd5 Qf6 (36... Qb7 37. Qd6 f6 38. Qc6 {/\ d6+-}) 37. Qxf6+ (37.
Qc7 $2 e4 38. fxe4 Qc3) 37... Kxf6 38. g4 $1 Ke7 (38... hxg4 $2 39. fxg4 $18)
39. c4 $2 (39. g5 f6 (39... Kd6 40. c4 Ke7 41. Kf2 Kd7 42. Ke3 Ke7 43. Ke4 Kd6
44. f4 exf4 45. Kxf4 Kd7 46. Ke5 Ke7 47. d6+ Kd7 48. Kf6 $18) 40. gxf6+ Kxf6
41. Kg3 Kf5 42. c3 Kf6 43. f4 Kf5 44. fxe5 Kxe5 45. c4 Kf5 46. Kf3 Ke5 (46...
g5 47. hxg5 Kxg5 48. Kg3) 47. Ke3 Kf5 48. d6 Ke6 49. Kf4 Kxd6 50. Kg5 Ke5 51.
Kxg6 Kf4 52. Kxh5 Kf5 53. Kh6 Kf6 54. Kh7 Kf7 55. h5 $18) 39... f5 $1 $10 40.
Kf2 Kd6 41. Ke3 Ke7 1/2-1/2